[Event "Euskadi ch"]
[Site "Zornotza"]
[Date "2007.04.11"]
[Round "3"]
[White "Martin, Iñigo"]
[Black "Guilarte, Ricardo"]
[Result "1-0"]
[WhiteElo "2167"]
[BlackElo "2133"]
[PlyCount "137"]
[EventDate "2007.04.10"]
[Source "AjedrezVasco"]
[SourceDate "2007.04.10"]

1. e4 e5 2. Nf3 Nf6 3. Nxe5 d6 4. Nf3 Nxe4 5. Nc3 Nxc3 6. dxc3 Bg4 7. h3 Bf5 8.
Bg5 Bg6 9. Bf4 Be7 10. Qd2 Nd7 11. O-O-O Nb6 12. Bd3 Qd7 13. Rhe1 O-O-O 14. Kb1
Kb8 15. Nd4 Bf6 16. Bb5 Qc8 17. Bg3 a6 18. Be2 Rde8 19. f4 h5 20. Bf2 Be4 21.
Nf3 Re7 22. Bxb6 cxb6 23. Qxd6+ Ka7 24. Nd2 Rd8 25. Qb4 Bxg2 26. Bd3 Rde8 27.
Rxe7 Bxe7 28. Qb3 f5 29. Qf7 Bc5 30. Qxh5 Rh8 31. Qxf5 Bxh3 32. Qxc8 Bxc8 33.
f5 Rh2 34. b4 Be3 35. Nf1 Rh3 36. Nxe3 Rxe3 37. Kc1 Rf3 38. Rg1 Bxf5 39. Bxf5
Rxf5 40. Rxg7 b5 41. Rg4 Kb6 42. Kb2 Kc6 43. Kb3 Rf6 44. Kb2 Rf5 45. c4 bxc4
46. Rxc4+ Kb5 47. Kb3 Kb6 48. Re4 a5 49. Re6+ Kc7 50. a3 axb4 51. axb4 Rf1 52.
c4 Rf3+ 53. Ka4 Rf4 54. Kb5 Rf5+ 55. c5 Rf7 56. Ka5 Rh7 57. b5 Rh1 58. Re7+ Kc8
59. Kb6 Rh6+ 60. c6 bxc6 61. bxc6 Kd8 62. Ra7 Rg6 63. Ra8+ Ke7 64. Kb7 Rg1 65.
c7 Rb1+ 66. Kc8 Rc1 67. Rb8 Rh1 68. Rb3 Rh8+ 69. Kb7 1-0

[Event "Euskadi ch"]
[Site "Zornotza"]
[Date "2007.04.11"]
[Round "3"]
[White "Alcaide, Aitor"]
[Black "Arias, Luis Javier"]
[Result "1-0"]
[WhiteElo "2140"]
[BlackElo "2197"]
[PlyCount "89"]
[EventDate "2007.04.10"]
[Source "AjedrezVasco"]
[SourceDate "2007.04.10"]

1. d4 Nf6 2. Bg5 c5 3. d5 d6 4. Nc3 Qa5 5. Bd2 Nbd7 6. e4 g6 7. f4 Bg7 8. Nf3
O-O 9. Be2 a6 10. O-O c4 11. Be3 b5 12. Nd4 Qc7 13. Nc6 Nb8 14. Nxb8 Rxb8 15.
Bf3 Bd7 16. Bd4 b4 17. Ne2 Bb5 18. c3 a5 19. Kh1 Nd7 20. Bxg7 Kxg7 21. Nd4 Kg8
22. h4 Nc5 23. h5 bxc3 24. bxc3 Bd7 25. f5 Nd3 26. Qd2 Kg7 27. Qg5 f6 28. h6+
Kh8 29. Qe3 g5 30. Bh5 Rb2 31. Nf3 Qb6 32. Qxb6 Rxb6 33. Rab1 Nf2+ 34. Kg1 Rxb1
35. Rxb1 Nxe4 36. Re1 Ng3 37. Rxe7 Bxf5 38. Nd4 Nxh5 39. Nxf5 Nf4 40. Nxd6 Ng6
41. Rc7 Ne5 42. Nxc4 Ng4 43. d6 Nxh6 44. d7 Nf7 45. Nxa5 1-0

[Event "Euskadi ch"]
[Site "Zornotza"]
[Date "2007.04.11"]
[Round "3"]
[White "Diez Fraile, David"]
[Black "Angulo, Jon"]
[Result "1/2-1/2"]
[WhiteElo "2131"]
[BlackElo "2173"]
[PlyCount "45"]
[EventDate "2007.04.10"]
[Source "AjedrezVasco"]
[SourceDate "2007.04.10"]

1. d4 Nf6 2. Nf3 e6 3. Bf4 b6 4. e3 Bb7 5. Bd3 Be7 6. Nbd2 d5 7. h3 O-O 8. O-O
c5 9. c3 Ba6 10. Bxa6 Nxa6 11. Qe2 Nc7 12. Rfd1 Nce8 13. e4 dxe4 14. Nxe4 Nxe4
15. Qxe4 Nf6 16. Qc2 Qc8 17. dxc5 Bxc5 18. Rd2 Qa6 19. Be5 Be7 20. a3 Rad8 21.
Rad1 Qc8 22. Qa4 Rxd2 23. Rxd2 1/2-1/2

[Event "Euskadi ch"]
[Site "Zornotza"]
[Date "2007.04.11"]
[Round "3"]
[White "Iza, Asier"]
[Black "Villalta, Igor"]
[Result "0-1"]
[WhiteElo "1740"]
[BlackElo "2007"]
[PlyCount "50"]
[EventDate "2007.04.10"]
[Source "AjedrezVasco"]
[SourceDate "2007.04.10"]

1. Nf3 Nf6 2. g3 g6 3. Bg2 Bg7 4. O-O O-O 5. d3 d6 6. Nbd2 c5 7. e4 Nc6 8. Re1
Qc7 9. c3 Bd7 10. d4 cxd4 11. cxd4 Rac8 12. a3 b5 13. b4 a5 14. Qb3 Qb6 15. Bb2
e5 16. d5 Ne7 17. h3 a4 18. Qd3 Nh5 19. Nf1 f5 20. N3d2 Qxf2+ 21. Kxf2 fxe4+
22. Ke2 exd3+ 23. Kxd3 e4+ 24. Nxe4 Bxb2 25. Ra2 Be5 0-1

[Event "Euskadi ch"]
[Site "Zornotza"]
[Date "2007.04.11"]
[Round "3"]
[White "Miguelez, Erlantz"]
[Black "Cendagortagalarza, Jose Luis"]
[Result "1-0"]
[WhiteElo "2034"]
[BlackElo "1816"]
[PlyCount "43"]
[EventDate "2007.04.10"]
[Source "AjedrezVasco"]
[SourceDate "2007.04.10"]

1. d4 g6 2. Nf3 Bg7 3. c4 d6 4. Nc3 Nc6 5. d5 Nb8 6. e4 e5 7. Be2 Nd7 8. O-O
Ne7 9. b4 O-O 10. Nd2 f5 11. c5 dxc5 12. bxc5 Nxc5 13. Ba3 Nxe4 14. Ncxe4 fxe4
15. Bc4 Kh8 16. Nxe4 Nf5 17. Bxf8 Qxf8 18. Ng5 Nd6 19. Bb3 Qf4 20. Ne6 Bxe6 21.
dxe6 Re8 22. Rc1 1-0

[Event "Euskadi ch"]
[Site "Zornotza"]
[Date "2007.04.13"]
[Round "4.1"]
[White "Gomez, Mario"]
[Black "Huerga, Mikel"]
[Result "1/2-1/2"]
[WhiteElo "2480"]
[BlackElo "2307"]
[PlyCount "114"]
[EventDate "2007.04.10"]
[Source "AjedrezVasco"]
[SourceDate "2007.04.10"]

1. d4 d5 2. c4 c6 3. Nc3 Nf6 4. Nf3 a6 5. c5 Bg4 6. Ne5 Bf5 7. Bf4 Nbd7 8. b4
g6 9. e3 Bg7 10. Be2 Ne4 11. Nxe4 Bxe4 12. f3 Bf5 13. g4 Be6 14. h4 Nxe5 15.
Bxe5 Bxe5 16. dxe5 d4 17. Qxd4 Qxd4 18. exd4 O-O-O 19. Rd1 Rd7 20. a3 Rhd8 21.
Kf2 Rxd4 22. Rxd4 Rxd4 23. Ke3 Rd8 24. h5 Kc7 25. hxg6 hxg6 26. Rh7 b6 27. f4
bxc5 28. bxc5 Kd7 29. Bd3 Rb8 30. f5 gxf5 31. gxf5 Bd5 32. e6+ fxe6 33. f6 Rf8
34. fxe7 Re8 35. Bxa6 e5 36. Be2 Rxe7 37. Rxe7+ Kxe7 38. Kf2 Bb3 39. Bf3 Kd7
40. Kg3 Bc2 41. Bg4+ Kc7 42. Be2 Kb7 43. Kf3 Bb1 44. Bc4 Bc2 45. Ke3 Ka7 46.
Be2 Kb7 47. Bf3 Bb1 48. Be4 Ba2 49. Kf2 Bc4 50. Kg3 Be2 51. Kh4 Ka6 52. Bxc6
Bb5 53. Be4 Ka5 54. Kg5 Be8 55. Bd3 e4 56. Bxe4 Kb5 57. c6 Bxc6 1/2-1/2

[Event "Euskadi ch"]
[Site "Zornotza"]
[Date "2007.04.13"]
[Round "4.3"]
[White "Mindeguia, Juan Jesus"]
[Black "Gonzalez de la Torre, Santiago"]
[Result "0-1"]
[WhiteElo "2214"]
[BlackElo "2348"]
[PlyCount "64"]
[EventDate "2007.04.10"]
[Source "AjedrezVasco"]
[SourceDate "2007.04.10"]

1. e4 c5 2. Nf3 Nc6 3. d4 cxd4 4. Nxd4 Nf6 5. Nc3 d6 6. Be2 g6 7. Be3 Bg7 8.
O-O O-O 9. f4 Qb6 10. Na4 Qa5 11. Nc3 Qb6 12. Na4 Qb4 13. c3 Qa5 14. Nxc6 bxc6
15. e5 dxe5 16. fxe5 Qxe5 17. Bf4 Qa5 18. b4 Qd5 19. Bf3 Qxd1 20. Raxd1 Nd5 21.
Bxd5 cxd5 22. Rxd5 Be6 23. Rd2 Bc4 24. Rc1 e5 25. Be3 f5 26. Nc5 Rae8 27. g3 f4
28. gxf4 exf4 29. Bd4 Bh6 30. Rf2 Rf5 31. h4 f3 32. Nd7 Bxc1 0-1

[Event "Euskadi ch"]
[Site "Zornotza"]
[Date "2007.04.13"]
[Round "4.4"]
[White "Navarro, Miguel"]
[Black "Martin, Iñigo"]
[Result "1-0"]
[WhiteElo "2317"]
[BlackElo "2167"]
[PlyCount "45"]
[EventDate "2007.04.10"]
[Source "AjedrezVasco"]
[SourceDate "2007.04.10"]

1. e4 d6 2. d4 Nf6 3. Nc3 e5 4. dxe5 dxe5 5. Qxd8+ Kxd8 6. Bg5 Be6 7. O-O-O+
Kc8 8. f4 exf4 9. Nge2 Nbd7 10. Bxf4 Ng4 11. Nd4 Nf2 12. Nxe6 fxe6 13. Bc4 Nxd1
14. Rxd1 Bd6 15. Bxd6 cxd6 16. Rxd6 Nf8 17. e5 a6 18. Bxe6+ Nxe6 19. Rxe6 Rd8
20. Na4 Kd7 21. Nc5+ Kc7 22. Re7+ Kc6 23. Nd3 1-0

[Event "Euskadi ch"]
[Site "Zornotza"]
[Date "2007.04.13"]
[Round "4.5"]
[White "Alcaide, Aitor"]
[Black "Limeres, Cristobal"]
[Result "0-1"]
[WhiteElo "2140"]
[BlackElo "2245"]
[PlyCount "58"]
[EventDate "2007.04.10"]
[Source "AjedrezVasco"]
[SourceDate "2007.04.10"]

1. d4 e6 2. Nf3 f5 3. g3 b6 4. Bg2 Bb7 5. O-O Nf6 6. c4 Be7 7. d5 exd5 8. Nh4
g6 9. cxd5 d6 10. Nc3 c5 11. Nf3 Na6 12. Ng5 Nc7 13. Ne6 Nxe6 14. dxe6 Bxg2 15.
Qa4+ Kf8 16. Bh6+ Kg8 17. Kxg2 Qc8 18. e4 Qxe6 19. Rae1 Kf7 20. Bg7 Kxg7 21.
exf5 Qf7 22. fxg6 hxg6 23. f4 Rhe8 24. f5 Bf8 25. fxg6 Qxg6 26. Rxf6 Kxf6 27.
Nd5+ Kg7 28. Qd7+ Kh8 29. Qh3+ Qh6 0-1

[Event "Euskadi ch"]
[Site "Zornotza"]
[Date "2007.04.13"]
[Round "4.6"]
[White "Perez de Miguel, Alvaro"]
[Black "Agirretxe, Jesus"]
[Result "1-0"]
[WhiteElo "2084"]
[BlackElo "2149"]
[PlyCount "61"]
[EventDate "2007.04.10"]
[Source "AjedrezVasco"]
[SourceDate "2007.04.10"]

1. d4 d5 2. Nf3 c6 3. c4 Nf6 4. e3 Bf5 5. Nc3 e6 6. Nh4 Bg6 7. Nxg6 hxg6 8. Bd3
Bd6 9. Qe2 Nbd7 10. Bd2 Qe7 11. c5 Bc7 12. f4 b5 13. O-O-O a5 14. g4 b4 15. Na4
Ne4 16. g5 f5 17. gxf6 Ndxf6 18. Rdg1 Rh6 19. Be1 Kd7 20. Kb1 Qf7 21. h4 Rah8
22. Bxe4 Nxe4 23. Qa6 Rb8 24. Nb6+ Kd8 25. Qxa5 Qf5 26. Ka1 b3 27. a3 Qh5 28.
Bb4 Qe2 29. Re1 Qc2 30. Qa7 Nd2 31. Rh2 1-0

[Event "Euskadi ch"]
[Site "Zornotza"]
[Date "2007.04.13"]
[Round "4.7"]
[White "Galzagorri, Ieray"]
[Black "Arias, Luis Javier"]
[Result "1-0"]
[WhiteElo "2252"]
[BlackElo "2197"]
[PlyCount "121"]
[EventDate "2007.04.10"]
[Source "AjedrezVasco"]
[SourceDate "2007.04.10"]

1. e4 c5 2. Nf3 Nc6 3. d4 cxd4 4. Nxd4 Nf6 5. Nc3 d6 6. Bg5 e6 7. Qd2 a6 8. f3
Qb6 9. O-O-O Qxd4 10. Qxd4 Nxd4 11. Rxd4 Bd7 12. Na4 Bc6 13. Nb6 Rd8 14. Nc4
Be7 15. Na5 Rc8 16. Be2 h6 17. Bh4 g5 18. Bg3 d5 19. Nxc6 Rxc6 20. Be5 dxe4 21.
Rxe4 O-O 22. Rc4 Rfc8 23. Rxc6 Rxc6 24. Bd3 Nd7 25. Bd4 Nc5 26. Be2 e5 27. Be3
f5 28. Bc4+ Kg7 29. Bd5 Rc7 30. Rd1 a5 31. c4 Kf6 32. b3 f4 33. Bf2 h5 34. Kb2
Kf5 35. a3 Kf6 36. b4 axb4 37. axb4 Na6 38. b5 Nc5 39. Kc3 Na4+ 40. Kb3 Nc5+
41. Kc2 Kf5 42. Ra1 b6 43. Ra8 Nd7 44. Bc6 Bc5 45. Bxd7+ Rxd7 46. Bxc5 bxc5 47.
Rc8 Ra7 48. Rxc5 Ra2+ 49. Kd3 Ra3+ 50. Kc2 Ra2+ 51. Kb3 Rxg2 52. b6 Rg1 53. Rb5
g4 54. fxg4+ Rxg4 55. b7 Rg8 56. b8=Q Rxb8 57. Rxb8 f3 58. Rf8+ Ke4 59. Kc3 Ke3
60. c5 Ke2 61. c6 1-0

[Event "Euskadi ch"]
[Site "Zornotza"]
[Date "2007.04.13"]
[Round "4.8"]
[White "Guilarte, Ricardo"]
[Black "Diez Fraile, David"]
[Result "1-0"]
[WhiteElo "2133"]
[BlackElo "2131"]
[PlyCount "55"]
[EventDate "2007.04.10"]
[Source "AjedrezVasco"]
[SourceDate "2007.04.10"]

1. e4 c5 2. Nf3 d6 3. g3 Nc6 4. Bg2 g6 5. O-O Bg7 6. c3 Nf6 7. Re1 O-O 8. d4
Qc7 9. d5 Ne5 10. Nxe5 dxe5 11. c4 Ne8 12. Nc3 Nd6 13. Qe2 Bd7 14. Bd2 Rab8 15.
Rab1 a6 16. Rec1 b5 17. cxb5 axb5 18. b3 Rb7 19. a4 bxa4 20. bxa4 Rfb8 21. Qd1
h5 22. Bf1 Kh7 23. Ba6 Rxb1 24. Rxb1 Rxb1 25. Qxb1 c4 26. Qb4 Qa7 27. Bb5 Qd4
28. Be3 1-0

[Event "Euskadi ch"]
[Site "Zornotza"]
[Date "2007.04.13"]
[Round "4.9"]
[White "Angulo, Jon"]
[Black "Villalta, Igor"]
[Result "0-1"]
[WhiteElo "2173"]
[BlackElo "2007"]
[PlyCount "116"]
[EventDate "2007.04.10"]
[Source "AjedrezVasco"]
[SourceDate "2007.04.10"]

1. e4 e5 2. Nf3 Nf6 3. Nxe5 d6 4. Nf3 Nxe4 5. Nc3 Nxc3 6. dxc3 Be7 7. Bf4 O-O
8. Qd2 Nd7 9. O-O-O Nc5 10. Be3 c6 11. Kb1 Re8 12. h4 Ne4 13. Qc1 Bf6 14. Ng5
Qa5 15. Bd4 Bxd4 16. Rxd4 Be6 17. a3 Nxf2 18. Rg1 Qe5 19. Qd2 Bd5 20. Rxd5 Qe1+
21. Ka2 cxd5 22. Qxd5 Re7 23. Qxd6 Ne4 24. Qh2 Qg3 25. Qxg3 Nxg3 26. Bd3 h6 27.
Nf3 a6 28. Nd4 Rae8 29. Nf3 Ne2 30. Rd1 Nf4 31. Bf1 g6 32. g3 Ne2 33. g4 Kg7
34. g5 Re3 35. gxh6+ Kxh6 36. Ng5 Kg7 37. Bg2 f6 38. Nh3 R8e7 39. Rd8 Nc1+ 40.
Kb1 Re1 41. b4 Nd3+ 42. Ka2 R1e2 43. Bxb7 Rxc2+ 44. Kb3 Rb2+ 45. Ka4 Nc5+ 46.
bxc5 Rbxb7 47. Nf4 Kf7 48. Nd5 Rbd7 49. Rxd7 Rxd7 50. Nb4 f5 51. Ka5 Ke6 52.
Kb6 a5 53. Nc6 Rd3 54. Nd4+ Ke7 55. Nb5 f4 56. c6 Rd8 57. Kb7 f3 58. Nd4 f2 0-1

[Event "Euskadi ch"]
[Site "Zornotza"]
[Date "2007.04.13"]
[Round "4.10"]
[White "Astasio, David"]
[Black "Miguelez, Erlantz"]
[Result "1-0"]
[WhiteElo "2122"]
[BlackElo "2034"]
[PlyCount "94"]
[EventDate "2007.04.10"]
[Source "AjedrezVasco"]
[SourceDate "2007.04.10"]

1. d4 Nf6 2. Nd2 e6 3. Ngf3 b6 4. e4 d5 5. e5 Nfd7 6. c3 Be7 7. Bd3 Ba6 8. Nf1
Bxd3 9. Qxd3 c5 10. a3 Qc8 11. Bg5 Bf8 12. b4 Qa6 13. Qb1 Qa4 14. Ng3 Nc6 15.
O-O h6 16. Be3 c4 17. Nd2 a5 18. Qb2 Be7 19. f4 Kd8 20. f5 Kc7 21. Rfb1 Rhb8
22. Nf3 b5 23. Bf4 Rb6 24. Ne1 Rba6 25. Nc2 Bf8 26. Qc1 Nb6 27. Rb2 axb4 28.
axb4 Qxc2 29. Qxc2 Rxa1+ 30. Bc1 Be7 31. Kf2 R8a3 32. f6 gxf6 33. exf6 Bd6 34.
Ne2 Na4 35. Qh7 Nd8 36. Rc2 R3a2 37. Bxh6 Kc6 38. Kf3 Nb2 39. h4 Nd3 40. Rxa2
Rxa2 41. g3 Ne1+ 42. Ke3 Kd7 43. Qg8 Ra1 44. Qh7 Nd3 45. h5 Re1 46. Kd2 Rf1 47.
Bf4 Nc6 1-0

[Event "Euskadi ch"]
[Site "Zornotza"]
[Date "2007.04.13"]
[Round "4.11"]
[White "Cendagortagalarza, Jose Luis"]
[Black "Iza, Asier"]
[Result "1/2-1/2"]
[WhiteElo "1816"]
[BlackElo "1740"]
[PlyCount "57"]
[EventDate "2007.04.10"]
[Source "AjedrezVasco"]
[SourceDate "2007.04.10"]

1. e4 c5 2. Nf3 d6 3. d4 cxd4 4. Nxd4 Nf6 5. Nc3 a6 6. g3 e6 7. Bg2 Be7 8. O-O
O-O 9. h3 Qc7 10. Be3 Nc6 11. Nb3 b5 12. f4 Bb7 13. a3 Rac8 14. Qe2 Nd7 15.
Rad1 Nb6 16. Qf2 Nc4 17. Bc1 N6a5 18. Rd3 d5 19. Kh1 Nxb3 20. cxb3 dxe4 21.
Nxe4 Nd6 22. Nxd6 Bxg2+ 23. Qxg2 Bxd6 24. Rfd1 Rfd8 25. Qd2 Be7 26. Qc3 Qb7+
27. Kh2 Rxd3 28. Qxd3 Qc7 29. Qd7 1/2-1/2

[Event "Euskadi ch"]
[Site "Zornotza"]
[Date "2007.04.14"]
[Round "5.1"]
[White "Limeres, Cristobal"]
[Black "Gomez, Mario"]
[Result "1/2-1/2"]
[WhiteElo "2245"]
[BlackElo "2480"]
[PlyCount "108"]
[EventDate "2007.04.10"]
[Source "AjedrezVasco"]
[SourceDate "2007.04.10"]

1. d4 d5 2. c4 c6 3. cxd5 cxd5 4. Nc3 Nf6 5. Bf4 Nc6 6. e3 a6 7. Bd3 Bg4 8.
Nge2 e6 9. O-O Be7 10. Rc1 O-O 11. a3 Bh5 12. Bg3 Bg6 13. Nf4 Bxd3 14. Nxd3 Na5
15. Bh4 Nc4 16. Rc2 Rc8 17. Bxf6 Bxf6 18. Qe2 Be7 19. Rfc1 Qa5 20. Nb1 Rc6 21.
Rc3 Rfc8 22. a4 Qb6 23. R1c2 g6 24. Qd1 Bd6 25. g3 Kg7 26. Kg2 Qa5 27. Qc1 Qb6
28. b3 Na5 29. Rxc6 Rxc6 30. Rxc6 Nxc6 31. Qc3 Qa5 32. Qxa5 Nxa5 33. Nd2 Nc6
34. Kf1 Kf8 35. Ke2 Ke7 36. Kd1 h5 37. h3 Kd7 38. g4 hxg4 39. hxg4 Kc7 40. Kc2
Kb6 41. Nf3 Ka5 42. Ng5 Nd8 43. f4 b5 44. axb5 Kxb5 45. Nf3 a5 46. g5 Nc6 47.
Nh2 a4 48. bxa4+ Kxa4 49. Ng4 Kb5 50. Nh6 Nd8 51. Kb3 Ka5 52. Ng4 Kb5 53. Nh6
Ka5 54. Ng4 Kb5 1/2-1/2

[Event "Euskadi ch"]
[Site "Zornotza"]
[Date "2007.04.14"]
[Round "5.2"]
[White "Gonzalez de la Torre, Santiago"]
[Black "Navarro, Miguel"]
[Result "1-0"]
[WhiteElo "2348"]
[BlackElo "2317"]
[PlyCount "88"]
[EventDate "2007.04.10"]
[Source "AjedrezVasco"]
[SourceDate "2007.04.10"]

1. d4 f5 2. c4 Nf6 3. Nc3 d6 4. Bg5 Nbd7 5. Qc2 g6 6. e4 fxe4 7. Nxe4 Bg7 8.
Nf3 c5 9. Bd3 cxd4 10. O-O-O Qa5 11. Kb1 O-O 12. Bxf6 Nxf6 13. Nxd4 Bd7 14. h4
Nh5 15. Nb3 Qb4 16. Ng5 Rac8 17. c5 d5 18. Nxh7 Kxh7 19. Bxg6+ Kh8 20. Rxd5 Nf6
21. Rd4 Qb5 22. Re1 Ng8 23. Rd5 e5 24. Qd1 Bf5+ 25. Bxf5 Rxf5 26. Nd4 exd4 27.
Rxf5 d3 28. Rh5+ Nh6 29. Qd2 Qc6 30. Qxd3 Qf6 31. Re2 b6 32. g4 Qf7 33. f3 bxc5
34. Qd5 Qg6+ 35. Qe4 Qd6 36. a3 Rb8 37. Ka2 Qb6 38. Qc2 Kg8 39. Rg5 Nf7 40.
Rxc5 Qd8 41. Qc4 Qxh4 42. Rf5 Rf8 43. Re8 Kh7 44. Rxf8 Nd6 1-0

[Event "Euskadi ch"]
[Site "Zornotza"]
[Date "2007.04.14"]
[Round "5.3"]
[White "Huerga, Mikel"]
[Black "Galzagorri, Ieray"]
[Result "1-0"]
[WhiteElo "2307"]
[BlackElo "2252"]
[PlyCount "93"]
[EventDate "2007.04.10"]
[Source "AjedrezVasco"]
[SourceDate "2007.04.10"]

1. e4 c5 2. Nf3 e6 3. d4 cxd4 4. Nxd4 a6 5. c4 Nf6 6. Nc3 Bb4 7. Qc2 Nc6 8.
Nxc6 dxc6 9. e5 Nd7 10. a3 Be7 11. f4 f5 12. Be3 O-O 13. Be2 b6 14. Bf3 Bb7 15.
O-O-O Qc7 16. g4 c5 17. Bxb7 Qxb7 18. gxf5 Rxf5 19. Rhg1 b5 20. Qe4 Rb8 21. Rd2
bxc4 22. Qxc4 Nf8 23. Ne4 Qb5 24. Rc2 Qxc4 25. Rxc4 Ng6 26. Ng3 Rf7 27. Rd1 Rb3
$11 28. Bxc5 Bxc5 29. Rxc5 Rxf4 30. Rd7 Rbf3 31. Ra7 Rf7 32. Rxa6 Rf2 33. Rxe6
Rxh2 34. Re8+ Rf8 35. Rxf8+ Kxf8 36. a4 Nf4 37. Rc3 h5 38. Rf3 g5 39. a5 h4 40.
Nf1 Re2 41. a6 Rxe5 42. b4 Kg7 43. a7 Re8 44. Rxf4 gxf4 45. b5 f3 46. b6 f2 47.
Kd2 1-0

[Event "Euskadi ch"]
[Site "Zornotza"]
[Date "2007.04.14"]
[Round "5.4"]
[White "Argandoña, Iñigo"]
[Black "Perez de Miguel, Alvaro"]
[Result "1-0"]
[WhiteElo "2377"]
[BlackElo "2084"]
[PlyCount "51"]
[EventDate "2007.04.10"]
[Source "AjedrezVasco"]
[SourceDate "2007.04.10"]

1. d4 d5 2. c4 c6 3. Nf3 Nf6 4. Nc3 e6 5. Bg5 Be7 6. e3 Nbd7 7. cxd5 exd5 8.
Qc2 O-O 9. Bd3 Re8 10. O-O h6 11. Bf4 Nh5 12. Nxd5 Nxf4 13. Nxf4 Nf6 14. Bc4
Nd5 15. Qb3 Be6 16. Nxe6 fxe6 17. Qxb7 Qd6 18. Ne5 c5 19. Nc6 Bf8 20. dxc5 Qxc5
21. Rac1 Qb6 22. Qxb6 axb6 23. Nd4 Rac8 24. Bb3 Rxc1 25. Rxc1 Kh8 26. Nxe6 1-0

[Event "Euskadi ch"]
[Site "Zornotza"]
[Date "2007.04.14"]
[Round "5.6"]
[White "Martin, Iñigo"]
[Black "Alcaide, Aitor"]
[Result "1-0"]
[WhiteElo "2167"]
[BlackElo "2140"]
[PlyCount "77"]
[EventDate "2007.04.10"]
[Source "AjedrezVasco"]
[SourceDate "2007.04.10"]

1. e4 e6 2. d4 d5 3. Nc3 Nf6 4. Bg5 Be7 5. e5 Nfd7 6. Bxe7 Qxe7 7. f4 a6 8. Nf3
c5 9. dxc5 Nc6 10. Bd3 Qxc5 11. Qd2 b5 12. Ne2 f6 13. exf6 Nxf6 14. Ned4 Ne4
15. Bxe4 dxe4 16. Nxc6 Qxc6 17. Ne5 Qc7 18. O-O O-O 19. Rad1 Bb7 20. Qd6 Qxd6
21. Rxd6 Rad8 22. Rfd1 Bd5 23. Rxd8 Rxd8 24. b3 b4 25. Nc6 Rd6 26. Nxb4 a5 27.
Nxd5 exd5 28. Rd4 Kf7 29. c4 Ke6 30. Rxd5 Rxd5 31. cxd5+ Kxd5 32. Kf2 Kd4 33.
g4 Kc3 34. Ke3 Kb2 35. f5 h6 36. h4 Kxa2 37. g5 hxg5 38. hxg5 Kxb3 39. f6 1-0

[Event "Euskadi ch"]
[Site "Zornotza"]
[Date "2007.04.14"]
[Round "5.7"]
[White "Villalta, Igor"]
[Black "Astasio, David"]
[Result "0-1"]
[WhiteElo "2007"]
[BlackElo "2122"]
[PlyCount "200"]
[EventDate "2007.04.10"]
[Source "AjedrezVasco"]
[SourceDate "2007.04.10"]

1. d4 d5 2. c4 e6 3. Nc3 Nf6 4. cxd5 exd5 5. Bg5 Be7 6. Qc2 O-O 7. e3 Bg4 8.
Nge2 h6 9. Bh4 Qd7 10. Bxf6 Bxf6 11. Ng3 Re8 12. Be2 Bxe2 13. Ngxe2 Nc6 14. O-O
Ne7 15. Rac1 c6 16. Na4 Nc8 17. Nf4 Nd6 18. Nc5 Qe7 19. Nh5 Bg5 20. Ng3 g6 21.
Nd3 Bf6 22. Rfe1 Kg7 23. Nf1 h5 24. Nd2 Nf5 25. Nf3 Kh7 26. Nde5 Nd6 27. Nd3
Bg7 28. Nde5 Ne4 29. Nd3 Nd6 30. Nde5 Rf8 31. Rf1 Rae8 32. Rfe1 Ne4 33. Nd3 Nd6
34. Nde5 Bf6 35. Rf1 Kg8 36. Rfe1 Qe6 37. Rf1 Bd8 38. Rfe1 Kg7 39. Rf1 Ne4 40.
Nd3 Qe7 41. Nc5 Nd6 42. Rfe1 Bc7 43. Ne5 Nf5 44. Nf3 Bd6 45. Red1 Bb8 46. Qb3
Nd6 47. Qc2 Rh8 48. Ne5 Nf5 49. Nf3 Nh4 50. Nxh4 Qxh4 51. g3 Qh3 52. Qe2 h4 53.
Qf1 Qg4 54. h3 Qf3 55. g4 f5 56. Qg2 Qxg2+ 57. Kxg2 fxg4 58. Nxb7 gxh3+ 59.
Kxh3 Ref8 60. Rc2 Rf3+ 61. Kg2 Rhf8 62. Rh1 g5 63. Nc5 R8f7 64. Nd3 R3f6 65.
Nb4 Bd6 66. Nxc6 Kg6 67. b4 Kh5 68. Ne5 Bxe5 69. dxe5 Re6 70. Rc5 Rxe5 71. Rd1
h3+ 72. Kxh3 Rxf2 73. Kg3 Rxa2 74. Rh1+ Kg6 75. Rc3 Kf5 76. Rf1+ Ke4 77. Rb3 d4
78. exd4 Kxd4 79. Rff3 a6 80. Rbc3 Rb5 81. Ra3 Rxa3 82. Rxa3 Rb6 83. Ra5 Kc4
84. Rxg5 Kxb4 85. Kf2 a5 86. Ke2 a4 87. Kd1 Rc6 88. Rg4+ Kb3 89. Rg3+ Kb2 90.
Rg2+ Kb1 91. Rg8 Rd6+ 92. Ke2 a3 93. Rb8+ Kc2 94. Rc8+ Kb3 95. Rb8+ Ka4 96.
Ra8+ Kb5 97. Rb8+ Ka5 98. Rb3 Ka4 99. Rb8 Rd5 100. Ra8+ Ra5 0-1

[Event "Euskadi ch"]
[Site "Zornotza"]
[Date "2007.04.14"]
[Round "5.8"]
[White "Agirretxe, Jesus"]
[Black "Guilarte, Ricardo"]
[Result "1-0"]
[WhiteElo "2149"]
[BlackElo "2133"]
[PlyCount "71"]
[EventDate "2007.04.10"]
[Source "AjedrezVasco"]
[SourceDate "2007.04.10"]

1. d4 Nf6 2. c4 e6 3. Nc3 Bb4 4. Qc2 c5 5. dxc5 Nc6 6. Nf3 O-O 7. g3 Bxc5 8.
Bg2 d5 9. cxd5 Nb4 10. Qb3 exd5 11. a3 Nc6 12. O-O Be6 13. Qxb7 Na5 14. Qb5 d4
15. b4 Nb3 16. Rb1 dxc3 17. bxc5 Rb8 18. Qa4 c2 19. Rxb3 Bxb3 20. Qxa7 Bd5 21.
Qa4 Be4 22. Nd4 Bxg2 23. Kxg2 Qd5+ 24. Kg1 Qxc5 25. Nxc2 Ra8 26. Qb3 Rfb8 27.
Nb4 Rc8 28. Bb2 Ne4 29. Qd3 Qc4 30. Qe3 Nc3 31. Re1 Ra5 32. Rc1 Rxa3 33. Bxa3
Qb3 34. Nd5 Qxa3 35. Rxc3 Qa1+ 36. Kg2 1-0

[Event "Euskadi ch"]
[Site "Zornotza"]
[Date "2007.04.14"]
[Round "5.9"]
[White "Arias, Luis Javier"]
[Black "Angulo, Jon"]
[Result "1/2-1/2"]
[WhiteElo "2197"]
[BlackElo "2173"]
[PlyCount "77"]
[EventDate "2007.04.10"]
[Source "AjedrezVasco"]
[SourceDate "2007.04.10"]

1. Nf3 b6 2. c4 Bb7 3. Nc3 f5 4. d4 Nf6 5. g3 e6 6. a3 Be7 7. Bg2 Ne4 8. Bd2
Nxd2 9. Qxd2 d6 10. d5 e5 11. e4 Bc8 12. exf5 Bxf5 13. Nxe5 dxe5 14. d6 Qxd6
15. Qxd6 Bxd6 16. Bxa8 c6 17. O-O-O Kd7 18. b4 Kc7 19. Kb2 Nd7 20. Bb7 Rb8 21.
Ba6 Rf8 22. Rd2 Nb8 23. Bb5 a5 24. bxa5 bxa5 25. Ba4 Bc5 26. Bc2 Be6 27. Bxh7
Na6 28. Bd3 Bd4 29. Kc2 Nc5 30. Ne2 Bxf2 31. Nf4 Be3 32. Nxe6+ Nxe6 33. Rdd1
Rf2+ 34. Kb1 Bc5 35. Rhe1 Nd4 36. Rf1 Rxh2 37. Rh1 Rf2 38. Rhf1 Rh2 39. Rh1
1/2-1/2

[Event "Euskadi ch"]
[Site "Zornotza"]
[Date "2007.04.14"]
[Round "5.10"]
[White "Diez Fraile, David"]
[Black "Cendagortagalarza, Jose Luis"]
[Result "1-0"]
[WhiteElo "2131"]
[BlackElo "1816"]
[PlyCount "41"]
[EventDate "2007.04.10"]
[Source "AjedrezVasco"]
[SourceDate "2007.04.10"]

1. e4 c5 2. Nf3 d6 3. d4 cxd4 4. Nxd4 Nf6 5. Nc3 g6 6. f4 Nfd7 7. Be3 Bg7 8.
Be2 O-O 9. O-O Nc6 10. Nb3 Nb6 11. Rb1 Bxc3 12. bxc3 d5 13. e5 Nc4 14. Bf2 b6
15. Nd4 N6a5 16. Qc1 f5 17. exf6 exf6 18. Bf3 Qd6 19. Re1 Bd7 20. Nb5 Qc6 21.
Qd1 1-0

[Event "Euskadi ch"]
[Site "Zornotza"]
[Date "2007.04.14"]
[Round "5.11"]
[White "Miguelez, Erlantz"]
[Black "Iza, Asier"]
[Result "1-0"]
[WhiteElo "2034"]
[BlackElo "1740"]
[PlyCount "87"]
[EventDate "2007.04.10"]
[Source "AjedrezVasco"]
[SourceDate "2007.04.10"]

1. c4 c6 2. Nc3 d5 3. d4 Nf6 4. Bg5 e6 5. cxd5 exd5 6. Qc2 Be7 7. e4 Nxe4 8.
Bxe7 Qxe7 9. Nxd5 cxd5 10. Qxc8+ Qd8 11. Bb5+ Nc6 12. Bxc6+ bxc6 13. Qxc6+ Kf8
14. Ne2 Rb8 15. Qa4 Qb6 16. O-O Qxb2 17. Qxa7 g6 18. Nf4 Rb7 19. Qa5 Rb5 20.
Qc7 Qxd4 21. Qd8+ Kg7 22. Ne6+ fxe6 23. Qd7+ Kh6 24. Qxb5 Rf8 25. Rad1 Qa7 26.
Qe2 Kg7 27. Rd3 Ra8 28. a3 Qc5 29. Qb2+ Kg8 30. Rb3 Nd6 31. Rb8+ Rxb8 32. Qxb8+
Kf7 33. Qb4 Qc7 34. Qf4+ Ke7 35. Rc1 Qb7 36. Qh4+ Kf8 37. Qd8+ Ne8 38. h4 Qb2
39. Rc8 Qb1+ 40. Kh2 Qb5 41. Qf6+ Kg8 42. Qxe6+ Kf8 43. Qf6+ Kg8 44. Qe7 1-0